000 00433nam a2200181Ia 4500
001 8269
003 IN-NITTTR
005 20251114233036.0
008 251113s9999||||xx |||||||||||||| ||eng||
040 _beng
040 _cIN-NITTTR
041 _aeng
082 _a621.38412 T551T
100 _aTobey, R.
245 0 _aTransistor audio power amplifier. /
_cTobey, R., Dinsdale, J.
700 _a Dinsdale, J.
942 _2ddc
_cBK
999 _c10907
_d10907